01888nam a22002777a 4500952011200000952011200112952011400224999001900338008004100357020001800398050001900416100002600435240002500461245008200486250001900568260003700587300004200624500007700666505058700743519010101330519006901431650003601500700003101536700003101567942001201598 00102lcc4070a03b03d2017-10-13l6oQD31.2 C38118p03 001739r2018-05-09s2018-05-09t1w2017-10-13yLB 00102lcc4070a03b03d2017-10-13l3oQD31.2 C38118p03 001872r2018-08-16s2018-08-16t2w2017-10-13yLB 00102lcc4070a13b13d2019-10-30l4oQD31.2 C38 2017p13 004952r2020-02-28s2020-02-28t1w2019-10-30yLB c102565d102565171013s2017 mx a|||| |||| 00| 0 spa d a9786071513939 aQD31.2bC38118 aChang, Raymondeautor aChemistrylespañol aQuimicac / Raymond Chang, Kenneth A. Goldsby ; traducción Gabriel Nagore  a12a. edición aMéxicob : McGraw Hillc, 2017 axxx, 1109 páginasb : ilustraciones aIncluye: glosario (pp.1102-1109) Incluye: índice analítico (I1-I14) a1. Quimica: el estudio del cambio. 2. Átomos, moleculas y iones. 3. Relaciones de masa en reasciones químicas. 4. Reacciones en disolución acuosa. 5. Gases y termoquimica. 6.Teoria cuantíca y la estructura electrónica de los átomos. 7. Relaciones periódicas entre elementos. 8. Enlace químico I: Conceptos básicos. 9. Enlace químico II: Geometria molecular e hibridación de orbitales atómicos. 10. Fuerzas moleculares, líquidos y sólidos. 11. Propiedades físicas de las disoluciones. 12. Cinetica química y equilibrio químico. 13. Ácidos y bases. aPraparatoria UNAM /b5to año de preparatoria / cQuimica III (1501) /d(03 001739) (03 001872) aDGB /bPrepa UIN /cTemas selectos de Química I /d(13 004952)10aQUIMICAxESTUDIO Y ENSEÑANAZA aGoldsby, Kenneth A.eautor aNagore, Gabrieletraductor cLB2lcc